[Event "URS-ch44 Otborochny"]
[Site "Rostov on Don"]
[Date "1976.??.??"]
[Round "?"]
[White "Mikhalchishin, Adrian"]
[Black "Ubilava, Elizbar"]
[Result "0-1"]
[WhiteElo "2425"]
[BlackElo "2410"]
[PlyCount "68"]
[EventDate "1976.??.??"]
[EventType "swiss"]
[EventRounds "9"]
[EventCountry "URS"]
[SourceTitle "MCD"]
[Source "ChessBase"]
[SourceDate "1999.07.01"]
[SourceVersion "1"]
[SourceVersionDate "1999.07.01"]
[SourceQuality "1"]

1. e4 c5 2. Nf3 d6 3. d4 cxd4 4. Nxd4 Nf6 5. Nc3 Nc6 6. Bc4 e6 7. Be3 Be7 8.
Qe2 a6 9. O-O-O Qc7 10. f4 O-O 11. a3 Na5 12. Bd3 d5 13. e5 Nd7 14. Nxe6 fxe6
15. Qh5 g6 16. Bxg6 Nf6 17. exf6 Bxf6 18. Bb6 Qxf4+ 19. Kb1 hxg6 20. Qxg6+ Bg7
21. Bxa5 Bd7 22. Bb6 Qf5 23. Qg3 Rac8 24. Bd4 e5 25. Nxd5 Qxc2+ 26. Ka1 exd4
27. Ne7+ Kh7 28. Qh4+ Bh6 29. Rxd4 Rf2 30. Rb1 Rc3 31. Qxf2 Qxf2 32. bxc3 Bg7
33. Rd3 Be6 34. Rb2 Qf1+ 0-1

[Event "Karseladze Memorial"]
[Site "Tbilisi"]
[Date "1976.11.??"]
[Round "?"]
[White "Ubilava, Elizbar"]
[Black "Kholmov, Ratmir D"]
[Result "1-0"]
[WhiteElo "2410"]
[BlackElo "2550"]
[PlyCount "51"]
[EventDate "1976.11.06"]
[EventType "tourn"]
[EventRounds "15"]
[EventCountry "URS"]
[SourceTitle "EXT 2010"]
[Source "ChessBase"]
[SourceDate "2010.11.25"]
[SourceVersion "1"]
[SourceVersionDate "2010.11.25"]
[SourceQuality "1"]

1. e4 c6 2. d4 d5 3. Nc3 dxe4 4. Nxe4 Nd7 5. Bc4 Ngf6 6. Nxf6+ Nxf6 7. c3 b5 8.
Bd3 Bg4 9. Ne2 e6 10. Qc2 Bxe2 11. Qxe2 Be7 12. O-O O-O 13. Bf4 Nd5 14. Bd2 Re8
15. a4 a6 16. Rfe1 g6 17. g3 Bg5 18. h4 Bxd2 19. Qxd2 Nb6 20. axb5 axb5 21.
Rxa8 Qxa8 22. h5 Qb7 23. hxg6 hxg6 24. Qh6 Nd5 25. Re4 Qe7 26. Rg4 1-0

[Event "Tbilisi-Sukhumi"]
[Site "Tbilisi"]
[Date "1977.??.??"]
[Round "?"]
[White "Ubilava, Elizbar"]
[Black "Radev Iordanov, Nikolay"]
[Result "1-0"]
[WhiteElo "2410"]
[BlackElo "2430"]
[PlyCount "68"]
[EventDate "1977.10.??"]
[EventType "tourn"]
[EventRounds "14"]
[EventCountry "URS"]
[SourceTitle "EXT 1999"]
[Source "ChessBase"]
[SourceDate "1998.11.16"]
[SourceVersion "1"]
[SourceVersionDate "1998.11.16"]
[SourceQuality "1"]

1. e4 c5 2. Nf3 e6 3. Nc3 a6 4. g3 Nc6 5. Bg2 d6 6. O-O Nf6 7. d4 cxd4 8. Nxd4
Bd7 9. Be3 Be7 10. f4 O-O 11. Nb3 b5 12. e5 dxe5 13. fxe5 Nxe5 14. Bxa8 Qxa8
15. Bd4 Qb8 16. Bxe5 Qxe5 17. Rxf6 Bxf6 18. Qxd7 Qe3+ 19. Kg2 Bxc3 20. bxc3
Qe2+ 21. Kg1 Qe3+ 22. Kf1 Qf3+ 23. Ke1 Qh1+ 24. Kd2 Qxh2+ 25. Kc1 Qxg3 26. Kb2
h5 27. Rf1 h4 28. Nd4 Qg4 29. Nc6 Qe2 30. Rf4 g5 31. Rf6 Qe4 32. Qd2 Qg4 33.
Ne5 Qg3 34. Qd4 h3 1-0

[Event "Tbilisi"]
[Site "Tbilisi"]
[Date "1979.??.??"]
[Round "?"]
[White "Ubilava, Elizbar"]
[Black "Lutikov, Anatoly S"]
[Result "1-0"]
[WhiteElo "2430"]
[BlackElo "2515"]
[PlyCount "65"]
[EventDate "1979.??.??"]
[EventType "tourn"]
[EventRounds "13"]
[EventCountry "URS"]
[EventCategory "8"]
[SourceTitle "EXT 2002"]
[Source "ChessBase"]
[SourceDate "2001.11.25"]
[SourceVersion "1"]
[SourceVersionDate "2001.11.25"]
[SourceQuality "1"]

1. e4 e5 2. Nf3 Nc6 3. Bb5 Bc5 4. O-O Nf6 5. Nxe5 Nxe4 6. Qe2 Nxe5 7. Qxe4 Qe7
8. Nc3 Nc6 9. Qxe7+ Nxe7 10. Re1 c6 11. Ne4 Bb4 12. a3 d5 13. axb4 dxe4 14. Bc4
Bf5 15. b5 cxb5 16. Bxb5+ Kd8 17. b3 Nc6 18. Bb2 f6 19. Bxc6 bxc6 20. Ra5 Bg6
21. Rea1 Re8 22. Rxa7 Rxa7 23. Rxa7 Re7 24. Ra8+ Kd7 25. Ba3 Re5 26. Ra7+ Ke6
27. g4 Rg5 28. Re7+ Kd5 29. h3 Bf5 30. Kf1 Be6 31. c4+ Ke5 32. d4+ exd3 33. f4+
1-0

[Event "URS"]
[Site "Soviet Union"]
[Date "1979.??.??"]
[Round "?"]
[White "Ubilava, Elizbar"]
[Black "Mikhalchishin, Adrian"]
[Result "1-0"]
[WhiteElo "2430"]
[BlackElo "2480"]
[PlyCount "63"]
[EventDate "1979.??.??"]
[EventType "game"]
[EventRounds "9"]
[EventCountry "URS"]
[SourceTitle "EXT 2010"]
[Source "ChessBase"]
[SourceDate "2010.11.25"]
[SourceVersion "1"]
[SourceVersionDate "2010.11.25"]
[SourceQuality "1"]

1. e4 c5 2. Nf3 d6 3. d4 cxd4 4. Nxd4 Nf6 5. Nc3 a6 6. f4 e6 7. Be2 Be7 8. O-O
O-O 9. Kh1 Nc6 10. Nxc6 bxc6 11. e5 dxe5 12. fxe5 Nd7 13. Bf4 Bg5 14. Qd6 Bxf4
15. Rxf4 Qg5 16. Re4 Rb8 17. Na4 c5 18. Bf3 Bb7 19. Qxd7 Bxe4 20. Bxe4 Qxe5 21.
Bf3 Rb4 22. Rf1 Rh4 23. h3 g5 24. Nc3 h5 25. Qd2 g4 26. Qf2 Qg5 27. Ne4 Qe7 28.
Bxg4 f5 29. g3 hxg4 30. gxh4 gxh3 31. Qg3+ Kh8 32. Qe5+ 1-0

[Event "URS-chT Republics 14th final A"]
[Site "Moscow"]
[Date "1979.07.??"]
[Round "2"]
[White "Ubilava, Elizbar"]
[Black "Zeitlein, Michael"]
[Result "1-0"]
[WhiteElo "2430"]
[BlackElo "2505"]
[PlyCount "125"]
[EventDate "1979.07.10"]
[EventType "team-tourn"]
[EventRounds "4"]
[EventCountry "URS"]
[SourceTitle "EXT 2020"]
[Source "ChessBase"]
[SourceDate "2019.10.17"]
[SourceVersion "1"]
[SourceVersionDate "2019.10.17"]
[SourceQuality "1"]
[WhiteTeam "Georgia"]
[BlackTeam "Leningrad"]
[WhiteTeamCountry "GEO"]
[BlackTeamCountry "RUS"]

1. c4 Nf6 2. Nf3 c5 3. b3 g6 4. Bb2 Bg7 5. e3 O-O 6. Be2 Nc6 7. O-O d5 8. cxd5
Nxd5 9. Bxg7 Kxg7 10. Qc1 Qa5 11. Qc4 Rd8 12. Rc1 b6 13. d4 Ncb4 14. a3 Ba6 15.
axb4 Qxa1 16. Qxa6 Qxa6 17. Bxa6 Nxb4 18. Bf1 cxd4 19. Rc4 a5 20. exd4 Rac8 21.
Na3 Rxc4 22. Bxc4 Nc6 23. Nb5 Kf6 24. Kf1 e5 25. d5 Ne7 26. Nc3 b5 27. Ne4+ Kg7
28. Bxb5 Nxd5 29. Nxe5 f5 30. Nc6 Re8 31. Nc5 Nc3 32. Bc4 Ra8 33. Na4 Ne4 34.
Ke2 Kf6 35. f3 Nd6 36. Kd3 f4 37. Nb6 Re8 38. Nd5+ Kg5 39. Nxa5 Re1 40. Nc6 Rg1
41. Nc3 Kh4 42. Ne4 Nxc4 43. bxc4 Rxg2 44. c5 Rxh2 45. Nb4 Rh3 46. Nd2 Rh1 47.
Nc2 Rg1 48. c6 Rg5 49. Ne4 Rd5+ 50. Nd4 Rd8 51. Nd6 Ra8 52. c7 g5 53. Nc6 h5
54. Nb8 Ra3+ 55. Kc2 Rxf3 56. c8=Q g4 57. Qd8+ Kh3 58. Nf5 g3 59. Qh4+ Kg2 60.
Nc6 Kg1 61. Ncd4 Rf2+ 62. Kd3 g2 63. Qxh5 1-0

[Event "URS-ch47 Otborchny"]
[Site "Beltsy"]
[Date "1979.08.??"]
[Round "?"]
[White "Petrushin, Alexander I"]
[Black "Ubilava, Elizbar"]
[Result "0-1"]
[WhiteElo "2370"]
[BlackElo "2430"]
[PlyCount "82"]
[EventDate "1979.08.08"]
[EventType "swiss"]
[EventRounds "13"]
[EventCountry "URS"]
[SourceTitle "MCD"]
[Source "ChessBase"]
[SourceDate "1999.07.01"]
[SourceVersion "1"]
[SourceVersionDate "1999.07.01"]
[SourceQuality "1"]

1. e4 c5 2. Nf3 d6 3. d4 cxd4 4. Nxd4 Nf6 5. Nc3 a6 6. Bg5 e6 7. f4 Qb6 8. Qd2
Qxb2 9. Nb3 Nc6 10. Bxf6 gxf6 11. Na4 Qa3 12. Nb6 Rb8 13. Nc4 Qa4 14. O-O-O Bd7
15. Kb1 d5 16. c3 Ne5 17. fxe5 dxc4 18. Na5 Bc6 19. Nxc4 fxe5 20. Ka1 Be7 21.
Bd3 Rd8 22. Qe2 O-O 23. Rhf1 Kh8 24. Nxe5 f6 25. Nf3 Qa5 26. Qb2 Ba4 27. Bc2
Bb5 28. Rxd8 Rxd8 29. Rd1 Rc8 30. c4 Rxc4 31. Bd3 Qa4 32. Rd2 Rc5 33. Nd4 Bxd3
34. Rxd3 Qc4 35. Rd1 Bd6 36. Nf3 Be7 37. e5 f5 38. Nd4 b5 39. Nb3 Rd5 40. Rc1
Qe4 41. Rc8+ Kg7 0-1

[Event "URS-ch47 Otborchny"]
[Site "Beltsy"]
[Date "1979.08.??"]
[Round "?"]
[White "Ubilava, Elizbar"]
[Black "Novopashin, Arkady"]
[Result "1-0"]
[WhiteElo "2430"]
[BlackElo "2435"]
[PlyCount "51"]
[EventDate "1979.08.08"]
[EventType "swiss"]
[EventRounds "13"]
[EventCountry "URS"]
[SourceTitle "MCD"]
[Source "ChessBase"]
[SourceDate "1999.07.01"]
[SourceVersion "1"]
[SourceVersionDate "1999.07.01"]
[SourceQuality "1"]

1. Nf3 Nf6 2. c4 e6 3. g3 d5 4. Bg2 Be7 5. O-O O-O 6. d4 dxc4 7. Nbd2 b5 8. a4
c6 9. Qc2 Nd5 10. Ne4 Nd7 11. Bd2 Bb7 12. Neg5 g6 13. h4 N7f6 14. Ne5 Qb6 15.
a5 Qxd4 16. Ngf3 Qe4 17. Qxe4 Nxe4 18. a6 Bc8 19. Bh6 Bc5 20. Bxf8 Kxf8 21. e3
f6 22. Nxc6 Bd7 23. Nfd4 Nd6 24. e4 e5 25. Nxb5 Ne3 26. fxe3 1-0

[Event "Tbilisi"]
[Site "Tbilisi"]
[Date "1980.??.??"]
[Round "?"]
[White "Ubilava, Elizbar"]
[Black "Schussler, Harry"]
[Result "1-0"]
[WhiteElo "2430"]
[BlackElo "2365"]
[PlyCount "55"]
[EventDate "1980.??.??"]
[EventType "tourn"]
[EventRounds "16"]
[EventCountry "URS"]
[EventCategory "9"]
[SourceTitle "EXT 2000"]
[Source "ChessBase"]
[SourceDate "1999.11.16"]
[SourceVersion "1"]
[SourceVersionDate "1999.11.16"]
[SourceQuality "1"]

1. d4 Nf6 2. c4 e6 3. Nc3 Bb4 4. Nf3 c5 5. g3 O-O 6. Bg2 cxd4 7. Nxd4 d5 8. Qb3
Bxc3+ 9. bxc3 e5 10. Nb5 dxc4 11. Qxc4 a6 12. Nc7 Ra7 13. Nd5 Nxd5 14. Qxd5
Qxd5 15. Bxd5 b5 16. Ba3 Rd8 17. O-O-O Rad7 18. e4 g6 19. h4 h5 20. f4 exf4 21.
gxf4 Kg7 22. f5 Rc7 23. Bb2 Nc6 24. c4+ Kh7 25. Rdg1 Nb4 26. Bxf7 Nxa2+ 27. Kc2
Nb4+ 28. Kb3 1-0

[Event "Tbilisi"]
[Site "Tbilisi"]
[Date "1980.??.??"]
[Round "8"]
[White "Pribyl, Josef"]
[Black "Ubilava, Elizbar"]
[Result "0-1"]
[WhiteElo "2390"]
[BlackElo "2430"]
[PlyCount "76"]
[EventDate "1980.??.??"]
[EventType "tourn"]
[EventRounds "16"]
[EventCountry "URS"]
[EventCategory "9"]
[SourceTitle "EXT 2000"]
[Source "ChessBase"]
[SourceDate "1999.11.16"]
[SourceVersion "1"]
[SourceVersionDate "1999.11.16"]
[SourceQuality "1"]

1. e4 c5 2. Nf3 d6 3. Nc3 a6 4. g3 Nc6 5. Bg2 Bg4 6. h3 Bxf3 7. Bxf3 g6 8. d3
Bg7 9. Be3 e6 10. Bg2 Nge7 11. Qd2 Rc8 12. h4 h5 13. O-O Qa5 14. Kh1 Nd4 15. f4
b5 16. a3 Qc7 17. Rae1 b4 18. Nd1 bxa3 19. bxa3 O-O 20. c3 Nb3 21. Qa2 Rb8 22.
f5 exf5 23. exf5 Nxf5 24. Rxf5 gxf5 25. Bd5 Na5 26. Bg5 Nc6 27. Ne3 Ne7 28. Rf1
Nxd5 29. Nxd5 Qb7 30. Qg2 Rfe8 31. c4 Qb2 32. Qf3 Qe5 33. Nc7 Re6 34. Nxa6 Rb2
35. Bc1 Rc2 36. Bf4 Qe2 37. Qxe2 Rexe2 38. g4 Be5 0-1

[Event "URS-ch48 Semifinal"]
[Site "Krasnodar"]
[Date "1980.08.??"]
[Round "?"]
[White "Mochalov, Evgeny Veniaminovic"]
[Black "Ubilava, Elizbar"]
[Result "0-1"]
[WhiteElo "2455"]
[BlackElo "2430"]
[PlyCount "81"]
[EventDate "1980.08.17"]
[EventType "swiss"]
[EventRounds "15"]
[EventCountry "URS"]
[SourceTitle "EXT 2002"]
[Source "ChessBase"]
[SourceDate "2001.11.25"]
[SourceVersion "1"]
[SourceVersionDate "2001.11.25"]
[SourceQuality "1"]

1. d4 Nf6 2. c4 e6 3. Nf3 d5 4. g3 Be7 5. Bg2 O-O 6. O-O dxc4 7. Qc2 a6 8. a4
Bd7 9. Qxc4 Bc6 10. Nc3 b5 11. Qd3 b4 12. Nb1 Be4 13. Qd1 c5 14. Nbd2 Bd5 15.
dxc5 Nbd7 16. c6 Bxc6 17. Nc4 Bd5 18. Ne3 Be4 19. Nd4 Rc8 20. Bxe4 Nxe4 21. f3
Nef6 22. Ng2 Ne5 23. Nb3 Qc7 24. Bf4 Rfd8 25. Qc1 Qb8 26. Qb1 Nd5 27. Qe4 Nxf4
28. Nxf4 Nc4 29. Rab1 Nd6 30. Qe3 Bf6 31. Nh5 Be7 32. Rfd1 Nc4 33. Rxd8+ Bxd8
34. Qd3 e5 35. g4 Bg5 36. Ng3 Bf4 37. Nf5 Qa7+ 38. Kg2 g6 39. Ng3 Qe7 40. Nf1
Qh4 41. e4 0-1

[Event "Yerevan"]
[Site "Yerevan"]
[Date "1981.05.??"]
[Round "3"]
[White "Ubilava, Elizbar"]
[Black "Dementiev, Oleg I"]
[Result "1-0"]
[WhiteElo "2455"]
[BlackElo "2490"]
[PlyCount "160"]
[EventDate "1981.05.??"]
[EventType "tourn"]
[EventRounds "15"]
[EventCountry "URS"]
[EventCategory "4"]
[SourceTitle "MCD"]
[Source "ChessBase"]
[SourceDate "1999.07.01"]
[SourceVersion "1"]
[SourceVersionDate "1999.07.01"]
[SourceQuality "1"]

1. d4 d5 2. c4 e6 3. Nc3 Be7 4. Nf3 Nf6 5. Bg5 h6 6. Bh4 O-O 7. e3 b6 8. Qb3
Bb7 9. Bxf6 Bxf6 10. cxd5 exd5 11. Rd1 Re8 12. Bd3 c6 13. O-O Nd7 14. Qc2 g6
15. b4 a6 16. Qb3 Nf8 17. Rb1 Ne6 18. a4 Qd6 19. Rfc1 Kg7 20. Qd1 Ng5 21. Ne2
Nxf3+ 22. gxf3 Bd8 23. a5 Bc7 24. Ng3 b5 25. f4 h5 26. Qf3 Bc8 27. Qg2 Kf8 28.
Nf1 Bd7 29. Nd2 Qf6 30. Nf3 Re7 31. Ne5 Be8 32. Qg3 Rc8 33. Bf1 Bd6 34. Bh3
Rcc7 35. Rb2 Qg7 36. Nd3 Qf6 37. Rbc2 Kg8 38. Kh1 Kg7 39. Rg1 Kf8 40. Rcc1 Kg7
41. Qf3 Kf8 42. Rg5 Re4 43. Qg3 Qe7 44. Bg2 Re6 45. Bf3 Qf6 46. Nc5 Bxc5 47.
Rxc5 Rb7 48. Rc1 Rd6 49. Be2 Ke7 50. Bd3 Bd7 51. f5 gxf5 52. Qf4 Rb8 53. Rxh5
Rg8 54. Bxf5 Bxf5 55. Qxf5 Qg6 56. Qxg6 Rdxg6 57. Rh3 Rf6 58. Rg1 Kf8 59. Rxg8+
Kxg8 60. Kg2 Kg7 61. Rg3+ Kf8 62. Rg4 Rh6 63. Kg3 Re6 64. Rg5 Rh6 65. h3 Rf6
66. h4 Rh6 67. h5 Rf6 68. f3 Re6 69. Kf4 Rd6 70. Kf5 Rh6 71. e4 dxe4 72. fxe4
Ke7 73. e5 Kd7 74. Ke4 Rh8 75. Rf5 Rh7 76. d5 cxd5+ 77. Kxd5 Kc7 78. Rf6 Rxh5
79. Rxf7+ Kd8 80. Kd6 Ke8 1-0

[Event "Yerevan"]
[Site "Yerevan"]
[Date "1981.05.??"]
[Round "6"]
[White "Arkhipkin, Yury"]
[Black "Ubilava, Elizbar"]
[Result "0-1"]
[WhiteElo "2360"]
[BlackElo "2455"]
[PlyCount "78"]
[EventDate "1981.05.??"]
[EventType "tourn"]
[EventRounds "15"]
[EventCountry "URS"]
[EventCategory "4"]
[SourceTitle "MCD"]
[Source "ChessBase"]
[SourceDate "1999.07.01"]
[SourceVersion "1"]
[SourceVersionDate "1999.07.01"]
[SourceQuality "1"]

1. e4 c5 2. Nf3 d6 3. d4 cxd4 4. Nxd4 Nf6 5. Nc3 a6 6. Bg5 e6 7. f4 Qb6 8. Nb3
Nbd7 9. Qf3 Qc7 10. O-O-O h6 11. Bh4 b5 12. a3 Bb7 13. Kb1 Be7 14. Bg3 O-O 15.
Bd3 Nc5 16. f5 e5 17. Nxc5 dxc5 18. Nd5 Bxd5 19. exd5 c4 20. Be4 Rab8 21. Bh4
b4 22. d6 Bxd6 23. Bxf6 gxf6 24. a4 Rfd8 25. Rd5 Bc5 26. Rhd1 Bf8 27. Qg4+ Kh7
28. Qe2 c3 29. b3 a5 30. Qa6 Be7 31. R1d3 Ra8 32. Qb5 Qa7 33. Rd7 Qg1+ 34. Rd1
Qxd1+ 35. Rxd1 Rxd1+ 36. Ka2 Rad8 37. Qxa5 R8d4 38. Qc7 Rxe4 39. Qxe7 Kg7 0-1

[Event "URS-ch49 Semifinal"]
[Site "Beltsy"]
[Date "1981.07.??"]
[Round "?"]
[White "Vasiukov, Evgeni"]
[Black "Ubilava, Elizbar"]
[Result "0-1"]
[WhiteElo "2545"]
[BlackElo "2455"]
[PlyCount "118"]
[EventDate "1981.07.01"]
[EventType "tourn"]
[EventRounds "15"]
[EventCountry "URS"]
[EventCategory "7"]
[SourceTitle "EXT 2009"]
[Source "ChessBase"]
[SourceDate "2008.11.26"]
[SourceVersion "1"]
[SourceVersionDate "2008.11.26"]
[SourceQuality "1"]

1. e4 c5 2. Nf3 d6 3. d4 cxd4 4. Qxd4 Nc6 5. Bb5 Bd7 6. Bxc6 Bxc6 7. Nc3 Nf6 8.
Bg5 e6 9. O-O-O Be7 10. Rhe1 O-O 11. Kb1 Qc7 12. Qd2 Rfc8 13. Nd4 Qb6 (13... b5
14. f3 b4 15. Nce2 a5 16. h4 a4 17. Nxc6 Qxc6 18. Nd4 Qb7 19. g4 Rc5 20. Rc1
Rac8 21. Red1 Rc4 22. Qe1 Qa6 23. Qe2 Qa5 24. Rd3 Qe5 25. Rcd1 a3 26. Bc1 axb2
27. Bxb2 Qc5 28. g5 Nd7 {1-0 Vasiukov,E (2495)-Yermolinsky,A (2450)/Telavi
1982 (41)}) 14. g4 Be8 15. h4 Rc4 16. f3 Rac8 17. Ka1 Qa6 18. Nce2 b5 19. c3
Qb7 20. b3 R4c7 21. Rc1 a5 22. Kb2 $2 a4 23. b4 Nd7 $1 24. Bxe7 Ne5 25. Ka1
Rxe7 26. g5 Nc4 27. Qd3 d5 $1 28. Ng3 Qb8 29. Rg1 g6 30. Rce1 Ne5 31. Qe3 Rec7
32. Rc1 Nc4 33. Qe1 e5 34. Nde2 Bc6 35. exd5 Bxd5 36. f4 Re7 37. f5 Qc7 38. Qf2
Nd6 39. Rgd1 Qc4 40. Rd2 gxf5 41. Nxf5 Nxf5 42. Qxf5 Be4 43. Qf2 Bg6 44. Ng3
Qxh4 45. Nf5 Qxg5 46. Nxe7+ Qxe7 47. Qe3 e4 48. Rd5 Qf6 49. Rxb5 Rd8 50. Ra5 h5
51. Kb2 Kg7 52. Rc2 Rd3 53. Qg5 e3 54. Re5 h4 $1 55. Rh2 h3 56. Qxf6+ Kxf6 57.
Re8 Rd2+ 58. Ka3 Rxh2 59. Rxe3 Bb1 0-1

[Event "URS-ch49 First League"]
[Site "Volgodonsk"]
[Date "1981.10.??"]
[Round "5"]
[White "Gorelov, Sergey G"]
[Black "Ubilava, Elizbar"]
[Result "0-1"]
[WhiteElo "2415"]
[BlackElo "2455"]
[PlyCount "80"]
[EventDate "1981.10.??"]
[EventType "tourn"]
[EventRounds "17"]
[EventCountry "URS"]
[EventCategory "10"]
[SourceTitle "MCD"]
[Source "ChessBase"]
[SourceDate "1999.07.01"]
[SourceVersion "1"]
[SourceVersionDate "1999.07.01"]
[SourceQuality "1"]

1. e4 c5 2. c3 d6 3. d4 Nf6 4. dxc5 Nc6 5. f3 d5 6. exd5 Qxd5 7. Be3 Qxd1+ 8.
Kxd1 Bf5 9. Nd2 O-O-O 10. Ne2 Nd5 11. Bf2 g6 12. g4 Bh6 13. gxf5 Ne3+ 14. Bxe3
Bxe3 15. Nd4 Nxd4 16. cxd4 Rxd4 17. Ke2 Bxd2 18. Rd1 Rhd8 19. fxg6 hxg6 20. a3
R8d5 21. Bh3+ Kc7 22. b4 a5 23. bxa5 Re5+ 24. Kf1 Rxc5 25. Rg1 Rc3 26. Rg4
Rxf3+ 27. Ke2 Re3+ 28. Kf2 Red3 29. Ke2 Rd6 30. Rc4+ Kb8 31. Bg4 Re3+ 32. Kf2
Rxa3 33. Rc8+ Ka7 34. Rc7 Be3+ 35. Kg2 Ra2+ 36. Kg3 g5 37. Rb1 Bf4+ 38. Kf3
Rd3+ 39. Ke4 Re3+ 40. Kd4 Rd2+ 0-1

[Event "URS-ch49 First League"]
[Site "Volgodonsk"]
[Date "1981.10.??"]
[Round "16"]
[White "Ubilava, Elizbar"]
[Black "Novopashin, Arkady"]
[Result "1-0"]
[WhiteElo "2455"]
[BlackElo "2380"]
[PlyCount "71"]
[EventDate "1981.10.??"]
[EventType "tourn"]
[EventRounds "17"]
[EventCountry "URS"]
[EventCategory "10"]
[SourceTitle "MCD"]
[Source "ChessBase"]
[SourceDate "1999.07.01"]
[SourceVersion "1"]
[SourceVersionDate "1999.07.01"]
[SourceQuality "1"]

1. d4 Nf6 2. c4 e6 3. Nc3 d5 4. Bg5 Be7 5. Nf3 O-O 6. e3 Nbd7 7. Qc2 h6 8. Bh4
b6 9. cxd5 exd5 10. Bd3 Bb7 11. O-O c5 12. Rad1 c4 13. Bf5 a6 14. a4 Ne8 15.
Bxe7 Qxe7 16. Bxd7 Qxd7 17. b3 Nd6 18. bxc4 dxc4 19. e4 b5 20. Rb1 Rab8 21. d5
Ba8 22. axb5 axb5 23. Na2 Rfe8 24. Rfe1 Qg4 25. e5 Bxd5 26. h3 Qf5 27. Qc3 Bxf3
28. exd6 Be4 29. Rbd1 Rbd8 30. Nb4 Re6 31. d7 Rg6 32. g4 Kh7 33. Qg3 Qc5 34.
Rxe4 Qxb4 35. Qc7 Qa4 36. Rde1 $138 1-0

[Event "URS-chT Cup 12th"]
[Site "Kislovodsk"]
[Date "1982.06.??"]
[Round "2"]
[White "Vaisser, Anatoli"]
[Black "Ubilava, Elizbar"]
[Result "0-1"]
[WhiteElo "2490"]
[BlackElo "2435"]
[PlyCount "62"]
[EventDate "1982.06.??"]
[EventType "team-tourn"]
[EventRounds "7"]
[EventCountry "URS"]
[SourceTitle "EXT 2020"]
[Source "ChessBase"]
[SourceDate "2019.10.17"]
[SourceVersion "1"]
[SourceVersionDate "2019.10.17"]
[SourceQuality "1"]
[WhiteTeam "Soviet Army"]
[BlackTeam "Dinamo"]
[WhiteTeamCountry "URS"]
[BlackTeamCountry "URS"]

1. d4 d5 2. Nf3 Nf6 3. c4 e6 4. Nc3 Be7 5. Bf4 O-O 6. e3 c5 7. dxc5 Bxc5 8.
cxd5 Nxd5 9. Nxd5 exd5 10. a3 Nc6 11. Rc1 Bb6 12. Bd3 Qe7 13. Ng5 h6 14. Bh7+
Kh8 15. Bb1 d4 16. Ne4 Bf5 17. Bd6 Qe6 18. Bxf8 Bxe4 19. Bc5 dxe3 20. Bxe4 Qxe4
21. Qf3 exf2+ 22. Kf1 Qg6 23. Bxb6 axb6 24. Qxf2 Ra5 25. Kg1 Rf5 26. Qxb6 Qg5
27. Rf1 Rc5 28. Qb3 Nd4 29. Qd3 Rc2 30. Rf2 Qc1+ 31. Qf1 Qe3 0-1

[Event "Varna Daskarov Memorial"]
[Site "Varna"]
[Date "1982.??.??"]
[Round "?"]
[White "Ubilava, Elizbar"]
[Black "Ermenkov, Evgenij"]
[Result "1-0"]
[WhiteElo "2435"]
[BlackElo "2460"]
[PlyCount "77"]
[EventDate "1982.09.18"]
[EventType "tourn"]
[EventRounds "13"]
[EventCountry "BUL"]
[SourceTitle "EXT 2010"]
[Source "ChessBase"]
[SourceDate "2010.11.25"]
[SourceVersion "1"]
[SourceVersionDate "2010.11.25"]
[SourceQuality "1"]

1. d4 Nf6 2. c4 d6 3. Nc3 Nbd7 4. e4 e5 5. d5 Nc5 6. f3 a5 7. Be3 Be7 8. Qd2
Nfd7 9. Nh3 h6 10. g3 a4 11. Be2 c6 12. O-O Qa5 13. Nf2 Nb6 14. Rac1 cxd5 15.
cxd5 Bd7 16. Nb1 O-O 17. Nd3 Qxd2 18. Nxd2 Nxd3 19. Bxd3 Bd8 20. Rc2 Ra5 21.
Nb1 Bb5 22. Bxb5 Rxb5 23. Na3 Ra5 24. Kf2 f5 25. Ke2 Nd7 26. Rfc1 fxe4 27. fxe4
Nf6 28. Rc4 Ra6 29. Rb4 Ba5 30. Rxb7 Nxe4 31. Rc6 Raa8 32. Nc4 a3 33. Nxa5 axb2
34. Rcc7 Kh8 35. Kd3 Nf6 36. Nc4 Nxd5 37. Rd7 e4+ 38. Kd4 Nxe3 39. Kxe3 1-0

[Event "URS-ch50 First League"]
[Site "Telavi"]
[Date "1982.12.??"]
[Round "14"]
[White "Ubilava, Elizbar"]
[Black "Gurgenidze, Bukhuti"]
[Result "1-0"]
[WhiteElo "2435"]
[BlackElo "2495"]
[PlyCount "81"]
[EventDate "1982.12.??"]
[EventType "tourn"]
[EventRounds "17"]
[EventCountry "URS"]
[EventCategory "9"]
[SourceTitle "MCD"]
[Source "ChessBase"]
[SourceDate "1999.07.01"]
[SourceVersion "1"]
[SourceVersionDate "1999.07.01"]
[SourceQuality "1"]

1. d4 Nf6 2. c4 e6 3. Nc3 Bb4 4. Qc2 c5 5. dxc5 Na6 6. e3 O-O 7. Nge2 Nxc5 8.
a3 Bxc3+ 9. Nxc3 a5 10. e4 d6 11. Bg5 h6 12. Bh4 Qe7 13. Be2 b6 14. O-O a4 15.
Rfe1 Bb7 16. f3 Rfd8 17. Rad1 Bc6 18. Bf1 g5 19. Bf2 e5 20. Be3 Nfd7 21. g3 Nf8
22. Bh3 Nfe6 23. Bg4 Kg7 24. Kg2 f6 25. Rh1 Nf8 26. h4 Ng6 27. hxg5 hxg5 28.
Bf5 Rh8 29. Qe2 Rad8 30. Nd5 Bxd5 31. cxd5 Rxh1 32. Rxh1 Rh8 33. Rxh8 Nxh8 34.
Qb5 Qc7 35. Bxc5 bxc5 36. Qd7+ Qxd7 37. Bxd7 Nf7 38. Kh3 Nh6 39. Bxa4 Kf8 40.
Bd7 Ke7 41. Be6 1-0

[Event "Goglidze Memorial"]
[Site "Tbilisi"]
[Date "1983.??.??"]
[Round "?"]
[White "Murshed, Niaz"]
[Black "Ubilava, Elizbar"]
[Result "0-1"]
[WhiteElo "2380"]
[BlackElo "2445"]
[PlyCount "115"]
[EventDate "1983.08.??"]
[EventType "tourn"]
[EventRounds "15"]
[EventCountry "URS"]
[EventCategory "8"]
[SourceTitle "MCL"]
[Source "ChessBase"]
[SourceDate "1999.07.01"]
[SourceVersion "1"]
[SourceVersionDate "1999.07.01"]
[SourceQuality "1"]

1. c4 e6 2. Nc3 d5 3. d4 Be7 4. Nf3 Nf6 5. Bg5 Nbd7 6. e3 h6 7. Bh4 O-O 8. Rc1
c6 9. Qc2 Ne4 10. Bxe7 Qxe7 11. Nxe4 dxe4 12. Qxe4 Qb4+ 13. Rc3 Qxb2 14. Qc2
Qxc2 15. Rxc2 c5 16. Bd3 cxd4 17. exd4 Nf6 18. O-O Bd7 19. Rd2 Rac8 20. Ne5
Rfd8 21. f3 Bc6 22. Bc2 b6 23. Rfd1 Kf8 24. Kf2 Bb7 25. Bb3 Nd7 26. Ba4 Nb8 27.
c5 Bd5 28. Rc1 g5 29. Rdc2 bxc5 30. Rxc5 Rxc5 31. Rxc5 Na6 32. Ra5 Bb7 33. Ke3
Rd5 34. Nd7+ Ke7 35. Nc5 Nxc5 36. dxc5 a6 37. c6 Bxc6 38. Rxa6 Bxa4 39. Rxa4
Rb5 40. Rd4 e5 41. Rd3 Ra5 42. a3 h5 43. Rb3 Ra4 44. g3 g4 45. fxg4 hxg4 46.
Rb2 f5 47. Ra2 Kf6 48. Kd3 f4 49. gxf4 exf4 50. Kc3 f3 51. Kd3 Kg5 52. Ke3 Kh4
53. Kf2 Kh3 54. Kf1 Rc4 55. a4 Rc1+ 56. Kf2 Rh1 57. Ke3 Rxh2 58. Ra3 0-1